000 01045nam a2200277 i 4500
001 105132
003 ES-MaACL
005 20231005135546.0
007 t|
008 060614s1967 sp ||||1| spa d
080 _a75 Pueyo, Juana (083.82)
100 1 _aPueyo, Juana.
_994195
245 1 0 _aJuana Pueyo
_b: [exposición, Sala del Prado del Ateneo de Madrid, diciembre de 1967] /
_c[texto: Fernando de los Ríos].
260 _a[Madrid] :
_bPublicaciones Españolas,
_c[1967]
300 _a[8] p. :
_bil. ;
_c23 cm.
490 1 _aCuadernos de arte. Serie divulgación ;
_v94
600 1 4 _aPueyo, Juana-
_vExposiciones.
_994196
610 2 7 _aAteneo de Madrid-
_vExposiciones-
_y1960-1969.
_91920
655 7 _2tgfbne
_9193628
_aCatálogos de exposiciones
700 1 _aRíos, Fernando.
_997363
710 2 _aAteneo de Madrid.
_bSala del Prado.
_91965
830 0 _aCuadernos de arte. Serie divulgación ;
_v94
_9184876
852 _aES-MaACL
_j2205-F-13
_9109071
_bR.137756
_cDEPOF
942 _2udc
_cFOLLETOS
999 _c105132
_d105132